| 000 | 00664nam a2200217 a 4500 | ||
|---|---|---|---|
| 005 | 20250116063839.0 | ||
| 008 | 991125s1977 ea 000 0 eng u | ||
| 020 | _a0710086660 | ||
| 035 | _aUPN01000057044 | ||
| 049 | _aCG | ||
| 050 | 4 |
_aLB1026 _bB4.8 |
|
| 100 | 1 |
_aBernstein, Basil B., _d1924-2002 _934813 |
|
| 245 | 1 | 0 |
_aTowards a theory of educational transmissions / _cBasil Bernstein. |
| 250 | _a2a ed. rev. | ||
| 260 |
_aLondon : _bRoutledge & Kegan Paul, _cc1977. |
||
| 300 |
_a207 p. : _bil. |
||
| 440 | 0 | _aPrimary socialization, language and education | |
| 650 | 4 |
_aEducación _9682 |
|
| 650 | 4 |
_aEducación _xAspectos sociales _95311 |
|
| 905 | _aLibro | ||
| 999 |
_c57044 _d57044 |
||